Diseño de 10 km de estructura de pavimento articulado (adoquín) del tramo de Carretera Cárdenas-Colon Departamento de Rivas, por el Método Aashto 93
Presenta un diseño de un pavimento, es la estructura integral de capas, generalmente horizontal denominado sub-rasante, sub-base y carpeta de rodamiento o adoquín (pavimento articulado), colocadas hasta coronar la rasante y destinada a permitir el tránsito vehicular, que se construyen sobre terre...
| Main Author: | |
|---|---|
| Other Authors: | |
| Format: | Tesis Section = Libro |
| Language: | Undetermined Spanish |
| Published: |
Managua
UNI
2016
|
| Subjects: |
| LEADER | 01212nam a2200241Ia 4500 | ||
|---|---|---|---|
| 008 | 240830s9999 xx 000 0 und d | ||
| 040 | |a BIBLIOTECA-RUPAP T.Mon 625.85 C146 | ||
| 041 | |a spa | ||
| 082 | |a T.Mon 625.85 C146 | ||
| 100 | 1 | |a Calderón Sotelo, Nelson Kiawas | |
| 245 | 1 | 0 | |a Diseño de 10 km de estructura de pavimento articulado (adoquín) del tramo de Carretera Cárdenas-Colon Departamento de Rivas, por el Método Aashto 93 |
| 260 | |a Managua |b UNI |c 2016 | ||
| 300 | |a 87 p. :il. | ||
| 500 | |a Contiene: anexos y CD. | ||
| 502 | |a Tesis (Ingeniero Civil)- UNI, 2016. | ||
| 520 | 3 | |a Presenta un diseño de un pavimento, es la estructura integral de capas, generalmente horizontal denominado sub-rasante, sub-base y carpeta de rodamiento o adoquín (pavimento articulado), colocadas hasta coronar la rasante y destinada a permitir el tránsito vehicular, que se construyen sobre terreno natural aumentando la capacidad de soporte, transitabilidad, seguridad y comodidad de la vía. | |
| 650 | 7 | |a PAVIMENTOS | |
| 650 | 7 | |b PAVIMENTOS DE ASFALTO | |
| 650 | 7 | |c PAVIMENTOS-DISEÑO Y CONSTRUCCION | |
| 700 | 1 | |a Tutor: |b Zamora Lacayo, Aldo José | |
| 942 | |c BK |2 ddc | ||
| 991 | |a TESIS | ||
| 999 | |c 18294 | ||